| 000 | 01729cam a2200397 i 4500 | ||
|---|---|---|---|
| 001 | 20981227 | ||
| 003 | NUST | ||
| 005 | 20220825123821.0 | ||
| 008 | 190521s2018 mauab b 001 0 eng | ||
| 010 | _a 2019296380 | ||
| 020 |
_a9781319056148 _q(hardcover) |
||
| 038 | _aAzhar | ||
| 040 |
_aDLC _beng _cDLC _erda _dDLC |
||
| 042 | _apcc | ||
| 050 | 0 | 0 |
_aPE1417 _b.S386 2018 |
| 082 |
_a808.042076 _bSHE |
||
| 100 | 1 |
_aShea, Renée Hausmann, _eauthor. _996179 |
|
| 245 | 1 | 4 |
_aThe language of composition : _breading, writing, rhetoric / _cRenée H. Shea, Bowie State University, Maryland ; Lawrence Scanlon, brewster High School, New York ; Robin Dissin Aufses, Lycée Français de New York ; Megan Harowitz Pankiewicz Rockville High School, Maryland. |
| 250 | _aThird edition. | ||
| 260 |
_aBoston : _bBedford, Freeman & Worth High School Publishers, _c2018 |
||
| 300 |
_axxxvii, 1271 pages : _billustrations (chiefly color), color map ; _c24 cm |
||
| 336 |
_atext _2rdacontent |
||
| 337 |
_aunmediated _2rdamedia |
||
| 338 |
_avolume _2rdacarrier |
||
| 504 | _aIncludes bibliographical references (pages 1241-1246) and index. | ||
| 650 | 0 |
_aCollege readers. _921927 |
|
| 650 | 0 |
_aEnglish language _xRhetoric _vProblems, exercises, etc. _921925 |
|
| 650 | 0 |
_aReport writing _vProblems, exercises, etc. _921926 |
|
| 650 | 0 |
_aInterdisciplinary approach in education. _94307 |
|
| 700 | 1 |
_aScanlon, Lawrence, _eauthor. _996180 |
|
| 700 | 1 |
_aAufses, Robin Dissin, _eauthor. _996181 |
|
| 700 | 1 |
_aPankiewicz, Megan Harowitz, _eauthor. _996182 |
|
| 906 |
_a7 _bcbc _corigcop _d2 _encip _f20 _gy-gencatlg |
||
| 942 |
_2ddc _cLC |
||
| 999 |
_c590744 _d590744 |
||